| 000 | 03146nam a22003377a 4500 | ||
|---|---|---|---|
| 001 | 0016791 | ||
| 003 | KOHA_MİRAKIL | ||
| 005 | 20260207002116.0 | ||
| 007 | ta | ||
| 008 | 100427b2010 tu |||gr||||#||||0|tur | | ||
| 020 | _a9789752639997 | ||
| 040 |
_aTR-BiSEU _btur _cTR-BiSEU _erda |
||
| 041 | 0 | _atur | |
| 044 | _ctu | ||
| 050 |
_aD424 _b.A76 2010 |
||
| 100 | 1 | _aArmağan, Mustafa. | |
| 245 | 1 |
_aAvrupa'nın 50 büyük yalanı/ _cMustafa Armağan ; Mustafa Armağan. |
|
| 264 | 1 |
_aİstanbul : _bTimaş yayınları _c2010 |
|
| 300 | _a320 sayfa; 21 cm. | ||
| 336 |
_ametin _btxt _2rdacontent |
||
| 337 |
_aaracısız _bn _2rdamedia |
||
| 338 |
_acilt _bnc _2rdacarrier |
||
| 490 | 1 |
_aTimaş yayınları ; _v2073. |
|
| 490 | 1 |
_a Osmanlı tarihi ; _v38. |
|
| 500 | _aKaynakça var. | ||
| 505 |
_a Mustafa Armağan, Osmanlı tarihi ve yakın tarih üzerine kaleme aldığı bir düzine kitaptan sonra bu defa projektörünü Avrupa tarihinin karanlık bölgelerine tutuyor. Bu çalışmayla yalnız Avrupa tarihinin bilinmeyenleri ortaya çıkmakla kalmıyor, aynı zamanda kendi yüzümüzün de bir kısmının aydınlandığını fark ediyorsunuz. Eşitsiz olarak, adeta bir ast-üst ilişkisi içinde kurgulanan Osmanlı ve Avrupa tarihleri, olmaları gereken eşit konuma yerleştiriliyor. _xTürk aydınının 1,5 asırdır peşinde koştuğu 'Avrupa mucizesi' yalanı, farklı ve şaşırıcı yönleriyle bu kitapta birer birer deşifre edilip ortaya konuluyor. İlginizi çekeceğine inandığımız başlıklardan bir kısmını tadımlık olarak şöyle bir hatırlamaya ne dersiniz? _x- Florence Nightingale'in İngiltere'de ölüm meleği olarak tanındığını, _x- Galile'nin kiliseye karşı çıkmış bir bilim kahramanı olmadığını, _x- Magna Carta'nın Avrupa tarihinde ileri değil, geri bir adım olduğunu, _x- Hitler'in aslında Avrupa'yı işgal planı olmadığını, _x- Einstein'ın son yıllarında beyninin yavaşladığını, _x- İlk feministlerin fabrikalardaki kadınları evlerine kapatma için kampanyalar düzenlediklerini, _x- Don Kişot'ta Endülüslü Müslümanlarla ilgili şifreler bulunduğunu, _x- Kopernik ve Kepler'in güneşe tapanlar tarikatından olduklarını, _x- Rönesans insanlarının Ortaçağ'daki atalarından daha pis yaşadıklarını, _x- Haritaların emperyalizmin sözcülüğünü yaptığını, _xbiliyor muydunuz? _xBunlar ve bunlardan başka Avrupa'nın büyük yalanlarını, Mustafa Armağan'ın hakikaten büyük emek mahsulü Avrupa'nın 50 Büyük Yalanı'ndan okuyacak ve her satırında eminiz ki, şaşıracaksınız. Yazarın amacı da bu zaten: Düşünmek, şaşırmakla başlar ona göre. _xMustafa Armağan'a göre Osmanlı tarihini de hakkıyla anlayabilmek için Avrupa tarihinin gerçeklerini bilmek gerekir. _xOsmanlı ve yakın tarih üzerine yazdığı ufuk açıcı kitaplarından sonra Armağan'la Avrupa tarihinin bilinmeyenlerine doğru nefes nefese bir yolculuğa hoş geldiniz |
||
| 650 | 0 |
_aEurope--History 20th century. _938911 |
|
| 830 | 1 |
_aTimaş yayınları ; _v2073. _98079 |
|
| 830 | 1 |
_a Osmanlı tarihi ; _v38. _922617 |
|
| 942 |
_2lcc _cBK |
||
| 999 |
_c16751 _d16751 |
||